000 01876cam a2200409 i 4500
999 _c10324
_d10324
001 21232374
003 KF4755COM 2020
005 20220131162918.0
008 191009s2020 enk b 001 0 eng
010 _a 2019952421
020 _a9781788979207
_q(cased)
020 _a9781788979221
_q(paperback)
020 _z9781788979214
_q(eBook)
040 _aDLC
_beng
_cDLC
_erda
042 _apcc
043 _an-us---
050 0 0 _aKF4755
_b.O77 2020
100 1 _aOppenheimer, David Benjamin,
_eauthor.
245 1 0 _aComparative equality and anti-discrimination law /
_cDavid B. Oppenheimer, University of California, Berkeley, USA; Sheila R. Foster, Georgetown University, USA; Sora Y. Han, University of California, Irvine, USA; Richard T. Ford, Stanford University, USA.
250 _aThird Edition.
264 1 _aCheltenhan, UK ;
_aNorthampton, MA :
_bEdward Elgar Publishing,
_c[2020]
300 _alxx, 752 pages ;
_c26 cm.
336 _atext
_btxt
_2rdacontent
337 _aunmediated
_bn
_2rdamedia
338 _avolume
_bnc
_2rdacarrier
500 _aIncludes bibliographical references and index.
504 _aIncludes bibliographical references and index.
650 0 _aDiscrimination
_xLaw and legislation
_zUnited States.
655 7 _aCasebooks (Law)
_2lcgft
700 1 _aFoster, Sheila R.,
_d1963-
_eauthor.
700 1 _aHan, Sora Y.,
_eauthor.
700 1 _aFord, Richard T.
_q(Richard Thompson),
_eauthor.
775 0 8 _iRevision of:
_aOppenheimer, David Benjamin.
_tComparative equality and anti-discrimination law : cases, codes, constitutions, and commentary.
_dNew York, NY : Foundation Press Thomson/West, 2012.
_w(DLC) 2012471078.
_z9781609300616.
906 _a7
_bcbc
_corigcop
_d2
_encip
_f20
_gy-gencatlg
942 _2lcc
_cBK
_e3rd
_h44755
_iCOM
_kKF